Statistics for Island Countries 2

Click here to take the quiz!

General Stats

  • This quiz has been taken 15 times
  • The average score is 13 of 16

Answer Stats

Answer% Correct
United Kingdom
100%
Fiji
93%
Bahamas
86%
Indonesia
86%
Seychelles
86%
Solomon Islands
86%
St Kitts and Nevis
86%
Dominica
79%
Dominican Republic
79%
Haiti
79%
Nauru
79%
Papua New Guinea
79%
St Vincent and the Grenadines
79%
Tuvalu
79%
Vanuatu
79%
Comoros
71%

Score Distribution

Percentile by Number Answered

Percent of People with Each Score

Your Score History

You have not taken this quiz